| 000 | 00834nam a2200253Ia 4500 | ||
|---|---|---|---|
| 003 | OSt | ||
| 005 | 20220923225053.0 | ||
| 006 | a|||||r|||| 00| 0 | ||
| 007 | ta | ||
| 008 | 220922b |||||||| |||| 00| 0 hin d | ||
| 024 | _a256,236 | ||
| 037 | _cTextual | ||
| 040 |
_aARTS _cARTS _bhin |
||
| 041 |
_2hin _ahin |
||
| 082 | _aQ41:211, 152M1 | ||
| 100 | _aशास्त्री, द्वाारिकादास, संपा. | ||
| 245 | 0 | _aपातिमोक्खसुत्त | |
| 246 | _aPātimokkhasutta | ||
| 260 |
_aवाराणसी _b बौद्धभारती _c1981 |
||
| 300 |
_a64पृ. _ccm. |
||
| 650 | _aधर्म | ||
| 942 |
_hQ41:211, 152M1 _cTEXL _2CC |
||
| 999 |
_c375833 _d375833 |
||